| 000 -CABECERA |
| fixed length control field |
02176nam a22003257a 4500 |
| 003 - IDENTIFICADOR DEL NÚMERO DE CONTROL |
| control field |
AR-CdUCM |
| 008 - DATOS DE LONGITUD FIJA--INFORMACIÓN GENERAL |
| fixed length control field |
190425b ||||| |||| 00| 0 spa d |
| 040 ## - FUENTE DE LA CATALOGACIÓN |
| Agencia/entidad que catalogó originalmente la obra |
MUNICIPALIDAD PROVINCIAL DEL CUSCO |
| Entidad que transcribió la catalogación |
BIBLIOTECA MUNICIPAL DEL CUSCO |
| 082 ## - NÚMERO DE LA CLASIFICACIÓN DECIMAL DEWEY |
| No. de Clasificación |
Rev.Andi/N°6/1985 |
| 110 ## - ENTRADA PRINCIPAL--NOMBRE DE ENTIDAD CORPORATIVA |
| Nombre de la institución, jurisdicción como entrada principal |
Centro Bartolomé de Las Casas |
| 9 (RLIN) |
3293 |
| 245 ## - MENCIÓN DE TÍTULO |
| Título |
Revista andina / |
| Mención de responsabilidad |
Centro de estudios rurales andinos Bartolomé de Las Casas Cusco |
| 260 ## - PUBLICACIÓN, DISTRIBUCIÓN, ETC. |
| Lugar de publicación, distribución, etc. |
Cusco : |
| Nombre de la editorial, distribuidor, etc. |
Centro Bartolomé de Las Casas, |
| Fecha de publicación, distribución, etc. |
1985. |
| 300 ## - DESCRIPCIÓN FÍSICA |
| Nº de Páginas Extensión |
343-621 páginas. : |
| Dimensiones |
23 cm. |
| 440 ## - MENCIÓN DE SERIE/PUNTO DE ACCESO ADICIONAL--TÍTULO |
| Título |
Publicación Semestral del Centro Bartolomé de Las Casas Cusco. |
| Número de la parte/sección de una obra |
Año 3, Número 6, N°2, Segundo semestre 1985. |
| 9 (RLIN) |
46321 |
| 505 ## - NOTA DE CONTENIDO CON FORMATO |
| Nota de contenido formateada |
Contenido: La nación y la historia regional en los países andinos 1870- 1930. Germán Colmenares. -- Dos vías de desarrollo capitalista en la agricultura o Crítica de la razón chayanoviano marxizante. David Lehmann. -- La adaptación de la dominación incaica a las sociedades autóctonas de la frontera septentrional del Imperio territorio Otavalo Ecuador. Chantal Caillavet. -- “Algún día todo se andará los movimientos étnicos en Charcas siglos XVII. Thierry Saignes. -- Violencia cotidiana de los naturales de Quispicanchis, Canas y Canchis en el siglo XVIII. Ward A. Stavig. -- La encomienda de Songo Suri Oyune el proceso de un iceberg. Geneviève Tranchand. -- Presentación en forma reiterativa del drama quechua la Muerte de Atahualpa. Teodoro L. Meneses. -- Panorama de la lingüística andina. Rodolfo Cerrón Palomino. -- Recursos para la investigación en estudios andinos en la Lilly Library de la Universidad de Indiana. Rebecca C. Gibson. |
| 650 ## - PUNTO DE ACCESO ADICIONAL DE MATERIA--TÉRMINO DE MATERIA |
| Descriptor |
Comunidades campesinas |
| 9 (RLIN) |
2214 |
| 650 ## - PUNTO DE ACCESO ADICIONAL DE MATERIA--TÉRMINO DE MATERIA |
| Descriptor |
Economía campesina |
| 9 (RLIN) |
2215 |
| 650 ## - PUNTO DE ACCESO ADICIONAL DE MATERIA--TÉRMINO DE MATERIA |
| Descriptor |
Cultura andina |
| 9 (RLIN) |
46295 |
| 650 ## - PUNTO DE ACCESO ADICIONAL DE MATERIA--TÉRMINO DE MATERIA |
| Descriptor |
Idioma Quechua |
| 9 (RLIN) |
27790 |
| 650 ## - PUNTO DE ACCESO ADICIONAL DE MATERIA--TÉRMINO DE MATERIA |
| Descriptor |
Agricultura andina |
| 9 (RLIN) |
19072 |
| 650 ## - PUNTO DE ACCESO ADICIONAL DE MATERIA--TÉRMINO DE MATERIA |
| Descriptor |
Levantamientos andinos |
| 9 (RLIN) |
44095 |
| 650 ## - PUNTO DE ACCESO ADICIONAL DE MATERIA--TÉRMINO DE MATERIA |
| Descriptor |
Lingüística andina |
| 9 (RLIN) |
46322 |
| 700 ## - PUNTO DE ACCESO ADICIONAL--NOMBRE DE PERSONA |
| Nombre Personal |
Colmenares, Germán |
| 9 (RLIN) |
46323 |
| 700 ## - PUNTO DE ACCESO ADICIONAL--NOMBRE DE PERSONA |
| Nombre Personal |
Lehmann, David |
| 9 (RLIN) |
46298 |
| 700 ## - PUNTO DE ACCESO ADICIONAL--NOMBRE DE PERSONA |
| Nombre Personal |
Caillavet, Chantal |
| 9 (RLIN) |
46307 |
| 700 ## - PUNTO DE ACCESO ADICIONAL--NOMBRE DE PERSONA |
| Nombre Personal |
Saignes, Thierry |
| 9 (RLIN) |
46301 |
| 700 ## - PUNTO DE ACCESO ADICIONAL--NOMBRE DE PERSONA |
| Nombre Personal |
Cerrón Palomino, Rodolfo |
| 9 (RLIN) |
7429 |
| 942 ## - ELEMENTOS DE PUNTO DE ACCESO ADICIONAL (KOHA) |
| Fuente de clasificación |
|
| Tipo de item |
Revistas cusqueñas |
| 945 ## - PROCESAMIENTO DE INFORMACIÓN LOCAL (OCLC) |
| Catalogador |
rac |